000
00253nam a2200097Ia 4500
001
905825
005
20250826184959.0
008
250824s9999 xx 000 0 und d
245
0
_a
KAYIP YÜZYILIN PRENSESİ
_c
KAHRAMAN TAZEOĞLU
260
_b
DESTEK YAYINLARI
999
_c
905825
_d
905825